000 00899nam a2200265 a 4500
001 BRCA_4523
005 20190320204713.0
008 910305m19891990mx-#######---#000-0#spa-#
020 _a9686084118 (v.1)
020 _a9686285415 (v.2)
041 _aspa
044 _asp
050 4 _aPQ6351
_b.A68 1989
245 1 0 _aApuntes cervantinos hispanoamericanos
_ccompiladores, Manuel Alcalá, Carlos Montemayor.
260 _aMéxico
_bFestival Internacional Cervantino
_c1989-1990
300 _a2 v.
_c23 cm.
504 _aIncluye referencias bibliográficas
600 1 4 _aCervantes Saavedra, Miguel de
_d1547-1616
_xCritica e interpretación
_911454
700 1 _aAlcalá, Manuel
_911455
700 1 _aMontemayor, Carlos
_d1947-
_911456
711 2 _aXVII Festival Internacional Cervantino
_911457
711 2 _aXVIII Festival Internacional Cervantino
_911458
902 _aCERV
942 _2lcc
_cB
999 _c4229
_d4229